[Event "Open Nuevo Centro. Jornada 5"]
[Site "Chess.com"]
[Date "2020.07.17"]
[Round "7"]
[White "Chofre Murcia, Adrián"]
[Black "Martin Ayala, David"]
[Result "0-1"]
[WhiteElo "1652"]
[BlackElo "1948"]
[PlyCount "76"]
[EventDate "2020.??.??"]

1. e4 d5 2. exd5 Nf6 3. Nc3 Nxd5 4. Nxd5 Qxd5 5. Nf3 Bg4 6. Be2 Nc6 7. O-O
O-O-O 8. b3 e5 9. Bb2 f6 10. c4 Qd7 11. d3 Bxf3 12. Bxf3 Nd4 13. Bxd4 Qxd4 14.
Be2 Bc5 15. Qc2 Rhe8 16. Rad1 f5 17. Rfe1 Qxf2+ 18. Kh1 Qh4 19. Rf1 Bd6 20. d4
exd4 21. Qxf5+ Kb8 22. Kg1 Bxh2+ 23. Kh1 Rxe2 24. Qh3 Qxh3 25. gxh3 Be5 26.
Rde1 d3 27. Kg1 Bg3 28. Rd1 d2 29. a4 Be1 30. b4 a6 31. b5 axb5 32. axb5 b6 33.
Rf7 Rd3 34. Rxg7 Bf2+ 35. Kg2 Bd4+ 36. Kf1 Re1+ 37. Rxe1 dxe1=Q+ 38. Kxe1 Bxg7
0-1

[Event "Open Nuevo Centro. Jornada 5"]
[Site "Chess.com"]
[Date "2020.07.17"]
[Round "7"]
[White "Donate Moreno, David"]
[Black "Movsisyan, Tigran"]
[Result "0-1"]
[WhiteElo "1583"]
[BlackElo "1862"]
[PlyCount "68"]
[EventDate "2020.??.??"]

1. e4 c5 2. Nf3 e6 3. d4 cxd4 4. Nxd4 Nc6 5. Nc3 a6 6. Be3 Qc7 7. f3 Nf6 8. Qd2
Bb4 9. O-O-O d5 10. exd5 Nxd5 11. Bc4 Bxc3 12. bxc3 Nxe3 13. Qxe3 O-O 14. g4 b5
15. Bb3 Bb7 16. h4 Na5 17. g5 Rac8 18. Kb2 Nc4+ 19. Bxc4 Qxc4 20. h5 Bd5 21.
Ra1 b4 22. cxb4 Qxb4+ 23. Nb3 g6 24. h6 f6 25. gxf6 Rxf6 26. Qe5 Kf7 27. f4 a5
28. c3 Qb6 29. Qd4 Qxd4 30. Nxd4 Bxh1 31. Rxh1 Rxf4 32. Re1 Rf2+ 33. Kb3 Rb8+
34. Ka4 Rxa2# 0-1

[Event "Open Nuevo Centro. Jornada 5"]
[Site "Chess.com"]
[Date "2020.07.17"]
[Round "7"]
[White "Simó Serrano, Javier"]
[Black "Valero Artagoitia, Sara"]
[Result "1-0"]
[WhiteElo "919"]
[BlackElo "574"]
[PlyCount "31"]
[EventDate "2020.??.??"]

1. d4 d5 2. Bf4 Bf5 3. e3 e6 4. Bd3 Bb4+ 5. c3 Bd6 6. Nf3 Nf6 7. Ne5 O-O 8. Nd2
a6 9. Bxf5 h6 10. h4 Nh5 11. g4 Nxf4 12. exf4 c5 13. g5 hxg5 14. hxg5 Nd7 15.
Qh5 g6 16. Qh8# 1-0

[Event "Open Nuevo Centro. Jornada 5"]
[Site "Chess.com"]
[Date "2020.07.17"]
[Round "7"]
[White "Gimeno Higueras, Roberto"]
[Black "Llorens Ferrer, Francisco"]
[Result "1-0"]
[WhiteElo "2079"]
[BlackElo "1630"]
[PlyCount "69"]
[EventDate "2020.??.??"]

1. e4 c5 2. c3 d5 3. exd5 Qxd5 4. d4 Nf6 5. Nf3 Bg4 6. Be2 Nc6 7. Be3 cxd4 8.
cxd4 a6 9. Nc3 Qd8 10. O-O e6 11. h3 Bh5 12. Qb3 Qc7 13. Rac1 Be7 14. d5 Nxd5
15. Nxd5 exd5 16. Qxd5 Bg6 17. Nd4 Qe5 18. Qxe5 Nxe5 19. Rc7 Bd6 20. Rxb7 Be4
21. Rb6 Bc5 22. Rxa6 Rxa6 23. Bxa6 O-O 24. a3 Rd8 25. Nf5 Bxe3 26. Nxe3 Rb8 27.
b4 Bd3 28. Bxd3 Nxd3 29. Rd1 Nb2 30. Rd2 Na4 31. Nf5 Re8 32. b5 Nc3 33. b6 Rb8
34. Rc2 Nd5 35. b7 1-0

[Event "Open Nuevo Centro. Jornada 5"]
[Site "Chess.com"]
[Date "2020.07.17"]
[Round "7"]
[White "Bercaru, Vlad Ionut"]
[Black "Hassomal Daswani, Birjkumar"]
[Result "0-1"]
[WhiteElo "1902"]
[BlackElo "1844"]
[PlyCount "70"]
[EventDate "2020.??.??"]

1. c4 c6 2. Nf3 Nf6 3. e3 e6 4. Nc3 d5 5. cxd5 exd5 6. d4 Bd6 7. Bd3 Bg4 8. O-O
Nbd7 9. h3 Bh5 10. Bd2 O-O 11. Rb1 Re8 12. b4 Nf8 13. b5 Bg6 14. Bxg6 Nxg6 15.
bxc6 bxc6 16. Rb3 Qe7 17. Qc2 Rab8 18. Rfb1 Rxb3 19. Rxb3 Bc7 20. Qb1 Qd6 21.
Rb7 Ne4 22. Qc2 h6 23. Rxa7 Ng5 24. Nxg5 Qh2+ 25. Kf1 hxg5 26. Rxc7 Qxc7 27.
Nxd5 Qh2 28. Nc3 Nh4 29. Bc1 Qxg2+ 30. Ke2 Qf3+ 31. Kd3 Qxh3 32. Ne2 Qf5+ 33.
Kd2 Qxf2 34. Qxc6 Qxe3+ 35. Kd1 Qxe2# 0-1

[Event "Open Nuevo Centro. Jornada 5"]
[Site "Chess.com"]
[Date "2020.07.17"]
[Round "7"]
[White "Carbonell Bofill, Carlos Eloy"]
[Black "Teply Koutsky, David"]
[Result "1-0"]
[WhiteElo "1990"]
[BlackElo "1634"]
[PlyCount "65"]
[EventDate "2020.??.??"]

1. e4 e6 2. Nc3 d5 3. d4 Bb4 4. e5 b6 5. Qg4 Bf8 6. Nce2 Ne7 7. c3 Nf5 8. Ng3
Nxg3 9. hxg3 c5 10. Bb5+ Bd7 11. Bd3 Nc6 12. Rxh7 Rxh7 13. Bxh7 g6 14. Bxg6 Ne7
15. Bh5 cxd4 16. cxd4 Nf5 17. Nf3 Bb4+ 18. Bd2 Bxd2+ 19. Kxd2 Bb5 20. Qg8+ Kd7
21. Qxf7+ Kc8 22. Qxe6+ Bd7 23. Rc1+ Kb7 24. Qxd5+ Ka6 25. g4 Ng7 26. Bg6 Rb8
27. Bd3+ b5 28. a4 Qa5+ 29. Ke3 Bxg4 30. Bxb5+ Kb6 31. Rc6+ Kb7 32. Rc5+ Kb6
33. Qc6# 1-0

[Event "Open Nuevo Centro. Jornada 5"]
[Site "Chess.com"]
[Date "2020.07.17"]
[Round "7"]
[White "Randazzo, Adrián"]
[Black "Pallardo Lozoya, Jose Vicente"]
[Result "0-1"]
[WhiteElo "2485"]
[BlackElo "2303"]
[PlyCount "44"]
[EventDate "2020.??.??"]

1. e4 c6 2. d4 d5 3. f3 e6 4. Nc3 a6 5. Qd3 b5 6. Be3 Nf6 7. e5 Nfd7 8. f4 c5
9. Nf3 Nc6 10. f5 cxd4 11. fxe6 fxe6 12. Bxd4 Nc5 13. Qe3 Nxd4 14. Qxd4 Be7 15.
a4 b4 16. Ne2 O-O 17. Ng3 Bb7 18. Be2 Qc7 19. Qg4 Ne4 20. Qxe6+ Kh8 21. Bd3 Nc5
22. O-O Nxe6 0-1

[Event "Open Nuevo Centro. Jornada 5"]
[Site "Chess.com"]
[Date "2020.07.17"]
[Round "7"]
[White "Gómez Alonso, Óscar"]
[Black "Lloret Ramis, Juan José"]
[Result "0-1"]
[WhiteElo "1831"]
[BlackElo "2001"]
[PlyCount "90"]
[EventDate "2020.??.??"]

1. d4 d5 2. c4 e6 3. Nc3 Nf6 4. Nf3 c5 5. e3 Nc6 6. cxd5 Nxd5 7. Nxd5 Qxd5 8.
Bb5 cxd4 9. Bxc6+ Qxc6 10. Nxd4 Qxg2 11. Qf3 Qxf3 12. Nxf3 Bd7 13. Bd2 Bc6 14.
Ke2 O-O-O 15. Rhc1 Kb8 16. a4 Bxf3+ 17. Kxf3 Rxd2 18. Rc4 Rd7 19. Rac1 Be7 20.
b4 Bf6 21. b5 b6 22. Rc6 Be7 23. h3 Bc5 24. a5 Rc8 25. Rxc8+ Kxc8 26. a6 Rd2
27. Rg1 g6 28. h4 Rb2 29. h5 Rxb5 30. hxg6 hxg6 31. Rh1 Ra5 32. Rh7 Rxa6 33.
Rxf7 b5 34. Rf6 Rd6 35. Rxg6 b4 36. Rg1 a5 37. Ra1 Bb6 38. Ke4 b3 39. Ra3 b2
40. Rb3 Rd2 41. Rxb6 a4 42. f4 a3 43. f5 exf5+ 44. Kxf5 a2 45. Rc6+ Kd7 0-1

[Event "Open Nuevo Centro. Jornada 5"]
[Site "Chess.com"]
[Date "2020.07.17"]
[Round "7"]
[White "Fernández Martin, Carlos"]
[Black "Alvarez Usina, Jordi"]
[Result "1-0"]
[WhiteElo "1717"]
[BlackElo "1341"]
[PlyCount "81"]
[EventDate "2020.??.??"]

1. e4 e5 2. Nf3 Nf6 3. Nxe5 d6 4. Nf3 Nxe4 5. Qe2 Qe7 6. Nc3 Nxc3 7. dxc3 Nc6
8. Bg5 Qxe2+ 9. Bxe2 Bf5 10. O-O-O f6 11. Bh4 O-O-O 12. Rhe1 d5 13. Nd4 Bd7 14.
Bf3 Bc5 15. Bxd5 Bxd4 16. cxd4 Bg4 17. Bf3 Bxf3 18. gxf3 Rxd4 19. Rxd4 Nxd4 20.
Re7 Nxf3 21. Bg3 c6 22. Rc7+ Kd8 23. Rxb7 Re8 24. b3 Re2 25. Rxa7 Nd4 26. Ra8+
Kd7 27. Kd1 Rxc2 28. Ra7+ Ke6 29. Rxg7 Rxa2 30. Rxh7 Nxb3 31. h4 c5 32. h5 c4
33. Rc7 Rd2+ 34. Ke1 Rc2 35. h6 c3 36. h7 Rc1+ 37. Ke2 c2 38. h8=Q Nd4+ 39. Ke3
Nf5+ 40. Kf3 Nd4+ 41. Kg2 1-0

[Event "Open Nuevo Centro. Jornada 5"]
[Site "Chess.com"]
[Date "2020.07.17"]
[Round "7"]
[White "Rabbani Perez, Ayoub"]
[Black "Más Ripoll, Vicente"]
[Result "0-1"]
[WhiteElo "281"]
[BlackElo "1076"]
[PlyCount "64"]
[EventDate "2020.??.??"]

1. e3 Nc6 2. Nc3 d5 3. Nxd5 Qxd5 4. d4 e5 5. Qe2 Nf6 6. dxe5 Nxe5 7. Nf3 Nxf3+
8. gxf3 Bd6 9. e4 Qe5 10. Bg5 Qxg5 11. Qd1 Qa5+ 12. Ke2 Qb5+ 13. Ke1 Qxb2 14.
e5 Qc3+ 15. Ke2 Qxe5+ 16. Kd2 Qd5+ 17. Ke2 Qxd1+ 18. Kxd1 Bf5 19. Rc1 O-O 20.
f4 Nd5 21. a4 Nxf4 22. Bc4 Be6 23. Bd3 c5 24. Be4 Bd5 25. Bxd5 Nxd5 26. Ke1 Nc3
27. Kf1 Rfe8 28. h4 Nxa4 29. c3 Be5 30. h5 Nxc3 31. f3 Rad8 32. f4 Bd4 0-1

[Event "Open Nuevo Centro. Jornada 5"]
[Site "Chess.com"]
[Date "2020.07.17"]
[Round "7"]
[White "Lopez Mateo, Juan Carlos"]
[Black "Granero Roca, Antonio"]
[Result "0-1"]
[WhiteElo "2205"]
[BlackElo "2449"]
[PlyCount "70"]
[EventDate "2020.??.??"]

1. e4 c5 2. Nf3 Nc6 3. b4 Nxb4 4. c3 Nc6 5. d4 d6 6. Bd3 e5 7. d5 Nce7 8. Nbd2
Nf6 9. O-O Ng6 10. Bb5+ Bd7 11. a4 Be7 12. Re1 O-O 13. Nf1 b6 14. Ng3 a6 15.
Bxd7 Qxd7 16. Qd3 b5 17. Bd2 c4 18. Qc2 Rfb8 19. Nf5 Bf8 20. Reb1 Ne7 21. Ne3
g6 22. Ra2 Bh6 23. Nxc4 Bxd2 24. Ncxd2 Kg7 25. Rab2 Rb7 26. axb5 Rxb5 27. Rxb5
axb5 28. Qd3 Rb8 29. Rb3 Qc7 30. Qb1 Nd7 31. Rxb5 Rxb5 32. Qxb5 Nc5 33. c4 Qa7
34. g3 Nd3 35. Kf1 Qxf2# 0-1

[Event "Open Nuevo Centro. Jornada 5"]
[Site "Chess.com"]
[Date "2020.07.17"]
[Round "7"]
[White "Ainsa Jimenez, Lucas"]
[Black "Soliva Ruiz, Ramon"]
[Result "0-1"]
[WhiteElo "1038"]
[BlackElo "1481"]
[PlyCount "60"]
[EventDate "2020.??.??"]

1. e4 c5 2. Nf3 e6 3. d4 cxd4 4. Nxd4 a6 5. Nf3 Qc7 6. Bc4 Qxc4 7. Nbd2 Qc7 8.
Nb3 Nc6 9. O-O Nf6 10. Re1 d6 11. Be3 Be7 12. Bg5 O-O 13. Be3 b5 14. a4 Bb7 15.
axb5 axb5 16. Rxa8 Rxa8 17. Qd2 Nxe4 18. Qd3 d5 19. Bd4 Nxd4 20. Nbxd4 Qc4 21.
Qd1 Bc5 22. c3 e5 23. b3 Qxc3 24. Nxb5 Bxf2+ 25. Kh1 Qc5 26. Rf1 Qxb5 27. h3
Ng3+ 28. Kh2 Nxf1+ 29. Qxf1 Qxf1 30. Nd2 Qe2 0-1

[Event "Open Nuevo Centro. Jornada 5"]
[Site "Chess.com"]
[Date "2020.07.17"]
[Round "7"]
[White "Chernikov, Vladimir"]
[Black "Gil López, Alejandro"]
[Result "0-1"]
[WhiteElo "2196"]
[BlackElo "2173"]
[PlyCount "64"]
[EventDate "2020.??.??"]

1. c4 c5 2. Nf3 g6 3. e3 Bg7 4. d4 cxd4 5. exd4 d5 6. cxd5 Qxd5 7. Nc3 Qd8 8.
Bc4 Nf6 9. Qb3 O-O 10. O-O Nc6 11. Qd1 Bg4 12. d5 Ne5 13. Be2 Bxf3 14. Bxf3
Nxf3+ 15. Qxf3 Rc8 16. Be3 a6 17. Rfd1 Qa5 18. Bd4 Rfd8 19. Rac1 b5 20. a3 b4
21. axb4 Qxb4 22. Bxf6 Bxf6 23. Ne4 Qxb2 24. Rxc8 Rxc8 25. d6 Be5 26. dxe7 Re8
27. Ng5 Bf6 28. Ne4 Bxe7 29. g3 a5 30. Rd7 Qe5 31. Nd6 Rf8 32. Nb7 Bb4 0-1

[Event "Open Nuevo Centro. Jornada 5"]
[Site "Chess.com"]
[Date "2020.07.17"]
[Round "7"]
[White "Bosch Jordà, Ricard"]
[Black "Luque Saiz, Andrés"]
[Result "0-1"]
[WhiteElo "1907"]
[BlackElo "1963"]
[PlyCount "66"]
[EventDate "2020.??.??"]

1. e4 c6 2. d4 d5 3. exd5 cxd5 4. Bd3 Nc6 5. c3 Qc7 6. h3 e6 7. Nf3 Bd6 8. O-O
Nge7 9. Re1 Bd7 10. Nbd2 f6 11. c4 O-O 12. cxd5 Nxd5 13. Ne4 Nf4 14. Bxf4 Bxf4
15. Nc5 Rfe8 16. Nxd7 Qxd7 17. Bc4 Kh8 18. Qd3 Bc7 19. Bb3 Rad8 20. Rad1 Nb4
21. Qc4 Nd5 22. a3 a6 23. Bc2 Rc8 24. Qd3 g6 25. Qe4 Kg7 26. h4 b5 27. g3 Bb8
28. h5 f5 29. Qh4 Nf6 30. hxg6 hxg6 31. Re2 Rh8 32. Qg5 Rh5 33. Qxh5 Nxh5 0-1

[Event "Open Nuevo Centro. Jornada 5"]
[Site "Chess.com"]
[Date "2020.07.17"]
[Round "7"]
[White "Cebolla Ruiz, David"]
[Black "Cayon Pelaez, Pablo"]
[Result "0-1"]
[WhiteElo "1498"]
[BlackElo "1795"]
[PlyCount "104"]
[EventDate "2020.??.??"]

1. e4 e5 2. Nf3 Nc6 3. Bb5 a6 4. Bxc6 dxc6 5. d4 exd4 6. Qxd4 Qxd4 7. Nxd4 g6
8. O-O Bg7 9. Be3 c5 10. c3 cxd4 11. Bxd4 Bxd4 12. cxd4 Nf6 13. Nd2 O-O 14.
Rac1 c6 15. f3 Be6 16. b3 Rfd8 17. e5 Rxd4 18. exf6 Rxd2 19. Rf2 Rad8 20. Re1
Rxf2 21. Kxf2 Rd2+ 22. Re2 Rxe2+ 23. Kxe2 Kf8 24. Kd3 Ke8 25. Kd4 Kd7 26. Kc5
b5 27. Kb6 Bd5 28. Kxa6 Ke6 29. Kb6 Kxf6 30. b4 Ke5 31. a3 f5 32. Kc5 g5 33. h3
h5 34. g4 fxg4 35. fxg4 hxg4 36. hxg4 Kf4 37. Kd4 Kxg4 38. Ke3 Kh3 39. Kf2 Kh2
40. Ke3 g4 41. Kd4 g3 42. Kc5 g2 43. Kb6 g1=Q+ 44. Ka6 c5 45. bxc5 Qxc5 46. Ka5
b4+ 47. Ka4 Bc6+ 48. Kb3 Qc3+ 49. Ka2 b3+ 50. Kb1 Qc2+ 51. Ka1 b2+ 52. Ka2 Bd5#
0-1

[Event "Open Nuevo Centro. Jornada 5"]
[Site "Chess.com"]
[Date "2020.07.17"]
[Round "7"]
[White "Serrano Requena, Guillem"]
[Black "Hernández Tomás, Efrén"]
[Result "1-0"]
[WhiteElo "1470"]
[BlackElo "1002"]
[PlyCount "109"]
[EventDate "2020.??.??"]

1. d4 d5 2. Nf3 c5 3. c3 c4 4. Bg5 Bf5 5. e3 Bxb1 6. Rxb1 f6 7. Bh4 g5 8. Bg3
h5 9. h4 g4 10. Nd2 Nc6 11. b3 e6 12. bxc4 Bd6 13. Bxd6 Qxd6 14. cxd5 Qxd5 15.
Qb3 Qxb3 16. axb3 O-O-O 17. Bb5 f5 18. Bxc6 bxc6 19. b4 Nf6 20. b5 cxb5 21.
Rxb5 Nd5 22. O-O Rd7 23. c4 Nc3 24. Ra5 Ne2+ 25. Kh2 f4 26. exf4 Rxd4 27. Nb3
Rxc4 28. Re5 Nxf4 29. Rc5+ Rxc5 30. Nxc5 Kc7 31. Re1 Re8 32. Re5 Kd6 33. Rg5 e5
34. Ne4+ Kd5 35. Nf6+ Ke6 36. Nxe8 Ke7 37. Rxe5+ Kd7 38. Ng7 Kc6 39. Nxh5 Nxh5
40. Rxh5 Kb6 41. Rd5 a5 42. h5 Kc6 43. Rxa5 Kd6 44. Rf5 Ke6 45. Rf4 Ke7 46. h6
Ke6 47. h7 Ke5 48. g3 Kd5 49. h8=Q Ke6 50. Qd8 Ke5 51. Qd4+ Ke6 52. Re4+ Kf5
53. Qd5+ Kg6 54. Re6+ Kf7 55. Qd7+ 1-0

[Event "Open Nuevo Centro. Jornada 5"]
[Site "Chess.com"]
[Date "2020.07.17"]
[Round "7"]
[White "Macias Pino, Diego"]
[Black "Segarra Martinez, Axel"]
[Result "0-1"]
[WhiteElo "2249"]
[BlackElo "2245"]
[PlyCount "90"]
[EventDate "2020.??.??"]

1. d4 Nf6 2. Nf3 c5 3. c3 d5 4. Bf4 Nc6 5. e3 Qb6 6. Qb3 c4 7. Qxb6 axb6 8.
Nbd2 b5 9. a3 b4 10. e4 e6 11. e5 Nh5 12. Be3 f5 13. Nb1 bxc3 14. Nxc3 Be7 15.
Be2 O-O 16. h3 f4 17. Bd2 g6 18. Bd1 Na5 19. Ng1 Ng7 20. Nge2 f3 21. gxf3 Bd7
22. Ng3 b5 23. Na2 Nb3 24. Bxb3 cxb3 25. Nb4 Rxf3 26. Ke2 Raf8 27. Rh2 Bh4 28.
Rg1 Bxg3 29. Rxg3 Rxg3 30. fxg3 Nf5 31. Kd3 Nxg3 32. Rg2 Rf3+ 33. Be3 Nf5 34.
Re2 g5 35. Kd2 h6 36. Bg1 Rxh3 37. Nd3 Be8 38. Nc5 Bh5 39. Rh2 Rxh2+ 40. Bxh2
Nxd4 41. Kc3 Nf3 42. Bg3 Bf7 43. Kxb3 h5 44. Kb4 h4 45. Bf2 g4 0-1

[Event "Open Nuevo Centro. Jornada 5"]
[Site "Chess.com"]
[Date "2020.07.17"]
[Round "7"]
[White "Castellano López, Javier"]
[Black "Gimenez Saiz, Jose Raul"]
[Result "1-0"]
[WhiteElo "1851"]
[BlackElo "1550"]
[PlyCount "125"]
[EventDate "2020.??.??"]

1. d4 d6 2. c4 e5 3. dxe5 dxe5 4. Nc3 Qxd1+ 5. Kxd1 Be6 6. e4 c6 7. Be3 Nd7 8.
f3 Bc5 9. Bxc5 Nxc5 10. Kc2 Nh6 11. b4 Nd7 12. Nh3 f6 13. Nf2 Nf7 14. Be2 Nd6
15. c5 Nc4 16. Bxc4 Bxc4 17. Rhd1 Ke7 18. a4 a5 19. b5 Nxc5 20. bxc6 bxc6 21.
Rab1 Rab8 22. h4 Bb3+ 23. Rxb3 Rxb3 24. Nd3 Rxc3+ 25. Kxc3 Nxa4+ 26. Kc4 Nb6+
27. Kc5 Nd7+ 28. Kxc6 Rc8+ 29. Kb5 Ra8 30. Rc1 a4 31. Ra1 a3 32. Kb4 a2 33. Nc1
Kd6 34. Rxa2 Rxa2 35. Nxa2 Nc5 36. Kc3 Ne6 37. Nc1 Nf4 38. g3 Ne6 39. Kd3 Nd4
40. Ke3 Ke6 41. Nd3 g6 42. f4 exf4+ 43. Kxd4 fxg3 44. Ke3 f5 45. e5 h6 46. Kf3
g5 47. Kxg3 f4+ 48. Kg4 gxh4 49. Kxf4 h3 50. Kg3 Ke7 51. Kxh3 Ke6 52. Kh4 Ke7
53. Kh5 Ke6 54. Kxh6 Ke7 55. Kg6 Ke6 56. Kg5 Ke7 57. Kf5 Ke8 58. e6 Ke7 59. Ke5
Ke8 60. Kf6 Kf8 61. Nf4 Ke8 62. Ng6 Kd8 63. Kf7 1-0

[Event "Open Nuevo Centro. Jornada 5"]
[Site "Chess.com"]
[Date "2020.07.17"]
[Round "7"]
[White "Bendayán Claros, Aaron"]
[Black "Orts Tomás, Marc"]
[Result "0-1"]
[WhiteElo "1959"]
[BlackElo "1716"]
[PlyCount "134"]
[EventDate "2020.??.??"]

1. d4 Nf6 2. Bg5 d5 3. e3 c6 4. Bd3 h6 5. Bh4 e6 6. Nd2 Nbd7 7. f4 Be7 8. Ngf3
O-O 9. O-O b6 10. c3 c5 11. Ne5 Bb7 12. Rf3 Ne4 13. Bxe7 Qxe7 14. Rh3 Nxe5 15.
fxe5 f6 16. Bxe4 dxe4 17. exf6 Rxf6 18. Qg4 Qf7 19. Nxe4 Rg6 20. Qh4 Qf5 21.
Nd6 Rxg2+ 22. Kh1 Rg4+ 23. Nxb7 Rxh4 24. Rxh4 Qf3+ 25. Kg1 Qxb7 26. Rf1 Rf8 27.
Rhf4 Rxf4 28. Rxf4 Qd5 29. a3 g5 30. Rf6 Kg7 31. Rf2 Qe4 32. Re2 Qg4+ 33. Kf1
Qf3+ 34. Ke1 Qe4 35. Kf2 e5 36. Ke1 Qh4+ 37. Kd2 cxd4 38. exd4 exd4 39. cxd4
Qxd4+ 40. Kc2 Qc4+ 41. Kd2 Qd5+ 42. Kc3 Qc5+ 43. Kd3 Kf7 44. Rc2 Qd6+ 45. Ke3
Kf6 46. Rf2+ Kg6 47. Rc2 g4 48. Ke4 Qe6+ 49. Kd4 Qd6+ 50. Ke4 h5 51. Ke3 Qe5+
52. Kd3 Kg5 53. Re2 Qb5+ 54. Ke3 h4 55. Rd2 Qe5+ 56. Kd3 Qd5+ 57. Ke3 Qc5+ 58.
Ke4 Qe7+ 59. Kd3 Qd6+ 60. Ke3 Qxd2+ 61. Kxd2 Kf4 62. Ke2 g3 63. hxg3+ hxg3 64.
Kf1 Kf3 65. Kg1 g2 66. b3 a6 67. Kh2 Kf2 0-1

[Event "Open Nuevo Centro. Jornada 5"]
[Site "Chess.com"]
[Date "2020.07.17"]
[Round "7"]
[White "Blanco Solaz, Ramón"]
[Black "Donate Moreno, Silvia"]
[Result "1-0"]
[WhiteElo "1943"]
[BlackElo "1992"]
[PlyCount "131"]
[EventDate "2020.??.??"]

1. Nf3 g6 2. c4 Bg7 3. Nc3 d6 4. d4 Nf6 5. Bf4 O-O 6. e3 Nbd7 7. Be2 b6 8. O-O
Bb7 9. h3 Re8 10. Bh2 Ne4 11. Qc2 Nxc3 12. Qxc3 e5 13. dxe5 Nxe5 14. Nxe5 dxe5
15. Rad1 Qg5 16. Bg3 h5 17. h4 Qe7 18. Qc2 Bf6 19. Bd3 e4 20. Be2 Rad8 21. c5
Bxh4 22. Bxh4 Qxh4 23. Rxd8 Qxd8 24. c6 Bc8 25. Rd1 Qf6 26. Rd4 Bf5 27. Qa4 a5
28. Bc4 Rd8 29. Bd5 Rd6 30. Qc4 Qe7 31. a3 Kg7 32. b4 axb4 33. axb4 g5 34. b5
Bg6 35. Qc3 Qe5 36. Qb3 h4 37. Qd1 f5 38. Qb3 f4 39. Rd1 fxe3 40. fxe3 Qg3 41.
Bxe4 Rxd1+ 42. Qxd1 Bxe4 43. Qd4+ Kf7 44. Qxe4 h3 45. Kf1 Qxg2+ 46. Qxg2 hxg2+
47. Kxg2 Ke6 48. Kf3 Kd5 49. Kg4 Ke4 50. Kxg5 Kxe3 51. Kf6 Kd4 52. Ke6 Kc5 53.
Kd7 Kxb5 54. Kxc7 Kc5 55. Kb7 b5 56. c7 b4 57. c8=Q+ Kd4 58. Qd7+ Kc3 59. Qc6+
Kb2 60. Kb6 b3 61. Kb5 Ka1 62. Qc1+ Ka2 63. Qc4 Ka1 64. Qa4+ Kb2 65. Kc4 Kc1
66. Qxb3 1-0

[Event "Open Nuevo Centro. Jornada 5"]
[Site "Chess.com"]
[Date "2020.07.17"]
[Round "7"]
[White "Soler Nadal, Jose Antonio"]
[Black "Roca Cruz, Rafael"]
[Result "0-1"]
[WhiteElo "1514"]
[BlackElo "1821"]
[PlyCount "80"]
[EventDate "2020.??.??"]

1. d4 b5 2. Bf4 Bb7 3. e3 e6 4. Nf3 a6 5. Bd3 Nf6 6. Nbd2 Be7 7. O-O O-O 8. e4
d6 9. c3 Nbd7 10. Re1 c5 11. e5 Nh5 12. Bxh7+ Kxh7 13. Ng5+ Bxg5 14. Qxh5+ Bh6
15. Bxh6 gxh6 16. Nf3 Rg8 17. h4 Bxf3 18. Qxf7+ Rg7 19. Qxf3 d5 20. g3 Qxh4 21.
Kg2 Rf8 22. Qe3 Qg5 23. f4 Rxf4 24. Rh1 Rg4 25. Qxg5 R7xg5 26. Rh3 cxd4 27.
cxd4 Rxd4 28. Rah1 Rd2+ 29. Kf3 Nxe5+ 30. Kf4 Rd4+ 31. Ke3 Re4+ 32. Kd2 Ng4 33.
Rc1 Rc4 34. Rf1 Rf5 35. Rfh1 Rf2+ 36. Kd3 Rf3+ 37. Kd2 Rf6 38. Rh4 Ne5 39. Rf4
Rcxf4 40. gxf4 Rxf4 0-1

[Event "Open Nuevo Centro. Jornada 5"]
[Site "Chess.com"]
[Date "2020.07.17"]
[Round "7"]
[White "Saiz Sapena, Veronica"]
[Black "Fitzpatrick Dimas, Andrew"]
[Result "1-0"]
[WhiteElo "1596"]
[BlackElo "1067"]
[PlyCount "125"]
[EventDate "2020.??.??"]

1. e4 e5 2. d4 exd4 3. Nf3 Nc6 4. Bc4 Bc5 5. c3 Nf6 6. Ng5 O-O 7. cxd4 Bxd4 8.
O-O h6 9. Nxf7 Rxf7 10. Bxf7+ Kxf7 11. Qb3+ Kf8 12. Re1 Nh5 13. Nd2 Qh4 14. g3
Qf6 15. Re2 d6 16. Nf3 Bg4 17. Nxd4 Nxd4 18. Qxb7 Nxe2+ 19. Kf1 Bh3+ 20. Kxe2
Bg4+ 21. Ke1 Re8 22. Be3 Qf3 23. Qb5 Qh1+ 24. Qf1 Qxf1+ 25. Kxf1 Rxe4 26. Rc1
Re7 27. Bxa7 d5 28. Be3 Rd7 29. a4 d4 30. Bd2 d3 31. Rc3 Nf6 32. Rc4 Be2+ 33.
Ke1 Nd5 34. a5 Nc3 35. Rxc3 Ke8 36. b4 Kd8 37. Ra3 Kc8 38. a6 Kb8 39. Be3 d2+
40. Bxd2 Rxd2 41. Kxd2 Bb5 42. Ke3 Ka7 43. Kd4 Bxa6 44. Kc5 Kb7 45. b5 Bxb5 46.
Kxb5 c6+ 47. Kc5 Kc7 48. Rf3 Kb7 49. Rf7+ Ka6 50. Rxg7 Ka5 51. Rg6 Ka4 52. Rxh6
Kb3 53. Rxc6 Kc3 54. Ra6 Kd3 55. Ra4 Ke2 56. h4 Kxf2 57. h5 Kxg3 58. h6 Kf3 59.
h7 Kg3 60. h8=Q Kf3 61. Qc3+ Kf2 62. Ra2+ Kf1 63. Qa1# 1-0

[Event "Open Nuevo Centro. Jornada 5"]
[Site "Chess.com"]
[Date "2020.07.17"]
[Round "7"]
[White "Sendra Tormo, Juan"]
[Black "Aguado, Pablo Luis"]
[Result "0-1"]
[WhiteElo "2221"]
[BlackElo "1934"]
[PlyCount "96"]
[EventDate "2020.??.??"]

1. e4 e5 2. Nf3 Nf6 3. Nxe5 d6 4. Nxf7 Kxf7 5. d4 Be7 6. Nc3 Rf8 7. Bc4+ Be6 8.
Bxe6+ Kxe6 9. Qe2 Kf7 10. e5 dxe5 11. dxe5 Kg8 12. exf6 Bxf6 13. Qc4+ Kh8 14.
O-O Nc6 15. Be3 Qe8 16. Rad1 Qh5 17. Qd5 Qg6 18. Qe4 Qxe4 19. Nxe4 Bxb2 20. Rd7
Be5 21. f4 Bb2 22. Rb1 Ba3 23. Rxb7 Rfe8 24. Rb3 Bf8 25. Rxc7 Na5 26. Rd3 Rxe4
27. g3 Rae8 28. Kf2 Nc4 29. Bxa7 Re2+ 30. Kf3 Rxc2 31. Rd4 Nd2+ 32. Rxd2 Rxc7
33. Bf2 Rc3+ 34. Kg4 Rec8 35. Bb6 Be7 36. Rd7 Bf6 37. a4 Ra3 38. a5 Ra8 39. Rd5
Bc3 40. Rc5 Bxa5 41. Bxa5 R3xa5 42. Rc7 R5a7 43. Rc6 Rf7 44. Rd6 h6 45. Kh5 Kh7
46. Kg4 Rb7 47. Rc6 Ra2 48. h4 Ra3 0-1

[Event "Open Nuevo Centro. Jornada 5"]
[Site "Chess.com"]
[Date "2020.07.17"]
[Round "7"]
[White "Cantero Navarro, Antonio"]
[Black "Garcia Trobat, Francisco"]
[Result "0-1"]
[WhiteElo "1902"]
[BlackElo "2152"]
[PlyCount "78"]
[EventDate "2020.??.??"]

1. e4 c5 2. Nf3 d6 3. d4 cxd4 4. Qxd4 Nc6 5. Qe3 g6 6. Be2 Bg7 7. O-O Nf6 8.
Rd1 O-O 9. h3 Be6 10. c4 Qa5 11. Nc3 Rfc8 12. Rb1 Qc5 13. Qxc5 dxc5 14. Be3 b6
15. Ng5 Bd7 16. Nd5 Be8 17. f4 h6 18. Nxf6+ Bxf6 19. Nf3 e5 20. fxe5 Nxe5 21.
Bxh6 Bc6 22. Nxe5 Bxe5 23. Bf3 Rd8 24. Bg5 f6 25. Be3 Kf7 26. Kf2 a5 27. Ke2 a4
28. Rxd8 Rxd8 29. b4 axb3 30. axb3 Ra8 31. b4 Ra2+ 32. Kd3 Ba4 33. Bd1 Ra3+ 34.
Ke2 Bxd1+ 35. Rxd1 cxb4 36. Bxb6 b3 37. Rb1 b2 38. c5 Ra1 39. Rxb2 Bxb2 0-1

[Event "Open Nuevo Centro. Jornada 5"]
[Site "Chess.com"]
[Date "2020.07.17"]
[Round "7"]
[White "Gutierrez Marco, Dario"]
[Black "Donate Peris, Jose Manuel"]
[Result "1/2-1/2"]
[WhiteElo "1833"]
[BlackElo "1541"]
[PlyCount "107"]
[EventDate "2020.??.??"]

1. e4 e6 2. d4 d5 3. e5 c5 4. c3 cxd4 5. cxd4 Qb6 6. Nf3 Bd7 7. a3 Bb5 8. Bd3
Bxd3 9. Qxd3 Ne7 10. O-O Nf5 11. b4 Be7 12. Be3 Nxe3 13. fxe3 O-O 14. Nc3 f5
15. Na4 Qd8 16. Nc5 Bxc5 17. bxc5 Nc6 18. Rab1 Qe7 19. Rb2 g5 20. Rfb1 Rab8 21.
Nd2 f4 22. e4 Rfd8 23. Rf1 dxe4 24. Nxe4 Rxd4 25. Qh3 Rxe4 26. Rd2 Qxc5+ 27.
Kh1 Qxe5 28. Rd7 Qf5 29. Qh5 e5 30. Rfd1 Nd4 31. Re7 Qg6 32. Qg4 f3 33. Qd7
fxg2+ 34. Kxg2 Rf8 35. Qd5+ Kh8 36. Rxe5 Rxe5 37. Qxe5+ Qg7 38. Qxg7+ Kxg7 39.
Rxd4 Rb8 40. Rd7+ Kg6 41. a4 a6 42. a5 b5 43. Rd6+ Kh5 44. Rxa6 b4 45. Rb6 Ra8
46. a6 b3 47. Rxb3 Rxa6 48. Rb7 h6 49. Rb4 Ra3 50. h3 Ra2+ 51. Kg3 Ra3+ 52. Kg2
Ra2+ 53. Kg3 Ra3+ 54. Kg2 1/2-1/2